Tinker, tiller, technical change : (Record no. 154561)

MARC details
000 -LEADER
fixed length control field 01098nam a2200277 a 4500
008 - FIXED-LENGTH DATA ELEMENTS--GENERAL INFORMATION
fixed length control field
020 ## - INTERNATIONAL STANDARD BOOK NUMBER
International Standard Book Number 1853390615 (pbk.)
049 ## - LOCAL HOLDINGS (OCLC)
Holding library MAIN
090 ## - LOCALLY ASSIGNED LC-TYPE CALL NUMBER (OCLC); LOCAL CALL NUMBER (RLIN)
Classification number (OCLC) (R) ; Classification number, CALL (RLIN) (NR) T173.8
003 - CONTROL NUMBER IDENTIFIER
control field
005 - DATE AND TIME OF LATEST TRANSACTION
control field 20230123133801.0
040 ## - CATALOGING SOURCE
Transcribing agency NUST
245 00 - TITLE STATEMENT
Title Tinker, tiller, technical change :
Remainder of title technologies from the people /
Statement of responsibility, etc. edited by Matthew Gamser, Helen Appleton and Nicola Carter.
260 ## - PUBLICATION, DISTRIBUTION, ETC.
Place of publication, distribution, etc. London, UK :
Name of publisher, distributor, etc. Intermediate Technology Publications ,
Date of publication, distribution, etc. 1990.
300 ## - PHYSICAL DESCRIPTION
Extent xvii, 278 p. :
Other physical details ill., maps ;
Dimensions 23 cm.
500 ## - GENERAL NOTE
General note Results of field work originally presented at a seminar held at the London Business School in June 1989.
500 ## - GENERAL NOTE
General note Latin American case studies translated by Geraldine Skinner.
504 ## - BIBLIOGRAPHY, ETC. NOTE
Bibliography, etc. note Includes bibliographical references.
650 #0 - SUBJECT ADDED ENTRY--TOPICAL TERM
Topical term or geographic name entry element Technological innovations
Geographic subdivision Developing countries
General subdivision Case studies.
700 1# - ADDED ENTRY--PERSONAL NAME
Personal name Gamser, Matthew S.
700 1# - ADDED ENTRY--PERSONAL NAME
Personal name Appleton, Helen.
700 1# - ADDED ENTRY--PERSONAL NAME
Personal name Carter, Nicola.
710 2# - ADDED ENTRY--CORPORATE NAME
Corporate name or jurisdiction name as entry element Intermediate Technology Development Group.
907 ## - LOCAL DATA ELEMENT G, LDG (RLIN)
a .b10026198
b 31-08-05
c 17-04-03
942 ## - ADDED ENTRY ELEMENTS (KOHA)
Koha item type Ordinary Loan Books
Call number prefix T173.8
Holdings
Date last seen Total Checkouts Full call number Barcode Cost, replacement price Price effective from Koha item type Lost status Source of classification or shelving scheme Damaged status Not for loan Collection Withdrawn status Home library Current library Shelving location Date acquired Cost, normal purchase price
01/23/2023   T173.8 TIN 92003028724 80.00 01/23/2023 BOOKS   LCC     NFIC   MAIN MAIN GEN 01/23/2023 80.00